| 000 | 00606nam a2200181 i 4500 | ||
|---|---|---|---|
| 001 | 117363 | ||
| 003 | ES-MaACL | ||
| 005 | 20230906190904.0 | ||
| 007 | t| | ||
| 008 | 070302s1904 sp r ||||1| spa d | ||
| 100 | 1 |
_aPazos y González, Benito. _989797 |
|
| 245 | 1 | 0 |
_aValor clínico de la sonda permanente en las afecciones de la uretra, próstata y vejiga _b: tesis doctoral / _cBenito Pazos y González. |
| 260 |
_aPontevedra : _b[s. n.], _c1904. |
||
| 502 | _aTesis doctoral. | ||
| 650 | 0 | 4 |
_aCateterismo. _910854 |
| 650 | 0 | 0 |
_aAparato urinario- _xEnfermedades. _99913 |
| 852 |
_aES-MaACL _jT-1136-F-5 |
||
| 999 |
_c117363 _d117363 |
||